Communes of Burundi on a Map - Statistics

General Stats
  • This quiz has been taken 31 times
  • The average score is 26 of 119
Answers on the Map
Answers color-coded by a green-red scale on the quiz's map according to % correct below.
 
Answer Stats
Province Commune % Correct
Gitega Gitega
92%
Kayanza Kayanza
77%
Kirundo Kirundo
77%
Makamba Makamba
77%
Muramvya Muramvya
77%
Ngozi Ngozi
77%
Rumonge Rumonge
77%
Rutana Rutana
77%
Ruyigi Ruyigi
77%
Bubanza Bubanza
69%
Bururi Bururi
69%
Cankuzo Cankuzo
69%
Muyinga Muyinga
69%
Cibitoke Buganda
23%
Muramvya Bukeye
23%
Rutana Musongati
23%
Mwaro Bisoro
15%
Kirundo Bugabira
15%
Rumonge Bugarama
15%
Gitega Bugendana
15%
Karuzi Bugenyuzi
15%
Karuzi Buhiga
15%
Muyinga Buhinyuza
15%
Rutana Bukemba
15%
Cibitoke Bukinanyan
15%
Gitega Bukirasazi
15%
Rumonge Burambi
15%
Gitega Buraza
15%
Ngozi Busiga
15%
Kirundo Busoni
15%
Kayanza | Ruyigi Butaganzwa
15%
Ruyigi Butezi
15%
Muyinga Butihinda
15%
Rumonge Buyengero
15%
Kirundo Bwambarang
15%
Ruyigi Bweru
15%
Cankuzo Cendajuru
15%
Kayanza Gahombo
15%
Ngozi Gashikanwa
15%
Muyinga Gashoho
15%
Muyinga Gasorwe
15%
Kayanza Gatara
15%
Bubanza Gihanga
15%
Rutana Giharo
15%
Gitega Giheta
15%
Karuzi Gihogazi
15%
Cankuzo Gisagara
15%
Gitega Gishubi
15%
Mwaro Gisozi
15%
Ruyigi Gisuru
15%
Rutana Gitanga
15%
Karuzi Gitaramuka
15%
Muyinga Giteranyi
15%
Kirundo Gitobe
15%
Bujumbura Isale
15%
Gitega Itaba
15%
Kayanza Kabarore
15%
Bujumbura Kabezi
15%
Bujumbura Kanyosha
15%
Makamba Kayogoro
15%
Mwaro Kayokwe
15%
Makamba Kibago
15%
Cankuzo Kigamba
15%
Muramvya Kiganda
15%
Ruyigi Kinyinya
15%
Ngozi Kiremba
15%
Makamba Mabanda
15%
Cibitoke Mabayi
15%
Gitega Makebuko
15%
Ngozi Marangara
15%
Bururi Matana
15%
Kayanza Matongo
15%
Muramvya Mbuye
15%
Cankuzo Mishiha
15%
Bubanza Mpanda
15%
Rutana Mpinga-Kay
15%
Bujumbura Mubimbi
15%
Bururi Mugamba
15%
Cibitoke Mugina
15%
Bujumbura Mugongoman
15%
Bujumbura Muha
15%
Kayanza Muhanga
15%
Rumonge Muhuta
15%
Bujumbura Mukaza
15%
Bujumbura Mukike
15%
Kayanza Muruta
15%
Cibitoke Murwi
15%
Bubanza Musigati
15%
Gitega Mutaho
15%
Bujumbura Mutambu
15%
Bujumbura Mutimbuzi
15%
Karuzi Mutumba
15%
Muyinga Mwakiro
15%
Ngozi Mwumba
15%
Mwaro Ndava
15%
Bujumbura Ntahangwa
15%
Kirundo Ntega
15%
Mwaro Nyabihanga
15%
Karuzi Nyabikere
15%
Bujumbura Nyabiraba
15%
Ruyigi Nyabitsind
15%
Ngozi Nyamurenza
15%
Gitega Nyanrusang
15%
Makamba Nyanza-Lac
15%
Kayanza Rango
15%
Bubanza Rugazi
15%
Cibitoke Rugombo
15%
Ngozi Ruhororo
15%
Mwaro Rusaka
15%
Muramvya Rutegama
15%
Bururi Rutovu
15%
Gitega Ryansoro
15%
Karuzi Shombo
15%
Bururi Songa
15%
Ngozi Tangara
15%
Makamba Vugizo
15%
Kirundo Vumbi
15%
Bururi Vyanda
15%
No matching quizzes found
Score Distribution
Percent of People with Each Score
Percentile by Number Answered
Your Score History
You have not taken this quiz